Statistics for Song Lyrics 1966 - 1990

Click here to take the quiz!

General Stats

  • This quiz has been taken 68 times
  • The average score is 10 of 25

Answer Stats

YearLyricsSong% Correct
1972When the jester sang for the king and queen, in a coat he borrowed from James Dean and a voice that came from you and meAmerican Pie
75%
1982I said, do you speak-a my language? He just smiled and gave me a vegemite sandwichDown Under
69%
1979I'll send an SOS to the world, I'll send an SOS to the worldMessage In A Bottle
69%
1983Loving would be easy if your colours were like my dreams, red gold and greenKarma Chameleon
62%
1988If you want to make the world a better place, take a look at yourself and then make that changeMan In The Mirror
62%
1976When I was down, I was your ClownDon't Go Breaking My Heart
56%
1978Once I had a love and it was a gas soon turned out be a pain in the assHeart of Glass
52%
1974You're the cutest thing that I ever did see I really love your peaches wanna shake your treeThe Joker
51%
1985Oh yeah the boy can play, dedication, devotion, turning all the night time into the dayWalk Of Life
49%
1977I know it sounds funny but I just can't stand the pain, girl I'm leaving you tomorrowEasy
48%
1970They took all the trees and put them in a tree museum, and then they charged all the people a dollar and a half just to see themBig Yellow Taxi
44%
1989Hop in my Chrysler, it's as big as a whale and it's about to set sailLove Shack
43%
1971I know I keep you amused, but I feel i'm being usedMaggie May
38%
1980I've played all my cards, and that's what you've done too, nothing more to say, no more ace to playThe Winner Takes It All
36%
1973When you believe in things that you don't understand, then you sufferSuperstition
34%
1981The feeling has gone, only you and I, it means nothing to meVienna
30%
1986We're heading for Venus, and still we stand tall, cause maybe they've seen usFinal Countdown
28%
1966Close my eyes, she's somehow closer now, softly smile, I know she must be kindGood Vibrations
28%
1969The lady then she covered me with roses, she blew my nose and then she blew my mindHonky Tonk Women
28%
1975So if I call you, don't make a fuss, don't tell your friends about the two of usI'm Not In Love
26%
1967Well my temperature's rising and my feet left the floor, crazy people knocking cause they want it some moreGimme Some Lovin
21%
1968When I hold you in my arms, and I feel my finger on your trigger, I know nobody can do me no harmHappiness Is A Warm Gun
21%
1984I'm out of time, but I'm out of my head when you're not aroundOut Of Touch
21%
1987I used to think that the day would never come I'd see delight in the shade of the morning sunTrue Faith
13%
1990It's been so lonely without you here, like a bird without a songNothing Compares 2 U
11%

Score Distribution

Percentile by Number Answered

Percent of People with Each Score

Your Score History

You have not taken this quiz